Sufi Language/ (Record no. 210375)

MARC details
000 -LEADER
fixed length control field 00536nam a22001937a 4500
005 - DATE AND TIME OF LATEST TRANSACTION
control field 20250319162820.0
010 ## - LCCN (DPL NO)
LC control number ENG-144138
020 ## - INTERNATIONAL STANDARD BOOK NUMBER
International Standard Book Number 9788193522431
Terms of availability 495.00
035 ## - SYSTEM CONTROL NUMBER
System control number EN-127670
037 ## - SOURCE OF ACQUISITION
Source of stock number/acquisition DBAD
082 ## - DEWEY DECIMAL CLASSIFICATION NUMBER
Classification number 279.3
100 ## - MAIN ENTRY--PERSONAL NAME
Personal name Sharib, Zahurul Hassan
245 ## - TITLE STATEMENT
Title Sufi Language/
Statement of responsibility, etc by Zahurul Hassan Sharib
260 ## - PUBLICATION, DISTRIBUTION, ETC. (IMPRINT)
Place of publication, distribution, etc Ajmer
Name of publisher, distributor, etc Asma Publications
Date of publication, distribution, etc 2019
270 ## - ADDRESS
Address Sharib House, Jhalra
City Ajmer
Postal code 305001
300 ## - PHYSICAL DESCRIPTION
Extent 249p.
Dimensions 24cm(hb)
650 ## - SUBJECT ADDED ENTRY--TOPICAL TERM
Topical term or geographic name as entry element
942 ## - ADDED ENTRY ELEMENTS (KOHA)
Source of classification or shelving scheme Dewey Decimal Classification
Item type English Books
Call number suffix SHA
Classification part 279.3
Holdings
Withdrawn status Lost status Not for loan Collection code Home library Current library Date acquired Source of acquisition Cost, normal purchase price Full call number Barcode Copy number Cost, replacement price Koha item type
      Non-fiction Janak Puri Janak Puri 19/03/2025 Delivery of Books Act Division 495.00 SHA 279.3 EN-127670 1 495.00 English Books

© Delhi Public Library
Hit Counter
free hit counter